[Event "GER-ch 68th"]
[Site "Dudweiler"]
[Date "1996.??.??"]
[Round "1"]
[White "Bangiev, Alexander J"]
[Black "Riegler, Dieter"]
[Result "1-0"]
[WhiteElo "2400"]
[BlackElo "2195"]
[EventDate "1996.11.26"]
[PlyCount "45"]

1. e4 c5 2. f4 Nc6 3. Nf3 g6 4. Nc3 Bg7 5. Bb5 Nd4 6. Bd3 Nc6 7. O-O e6 8. Qe2 d6 9. a3 Nge7 10. b4 cxb4 11. axb4 Nxb4 12. Ba3 O-O 13. Rfb1 Nbc6 14. Kh1 a6 15. e5 d5 16. Bc5 Nf5 17. Bxf5 gxf5 18. Bxf8 Bxf8 19. d4 Rb8 20. Rg1 Kh8 21. Ng5 Qe7 22. Qh5 h6 23. Nxf7+ 1-0

[Event "GER-ch 68th"]
[Site "Dudweiler"]
[Date "1996.??.??"]
[Round "1"]
[White "Becking, Stephan"]
[Black "Zeller, Frank"]
[Result "0-1"]
[WhiteElo "2200"]
[BlackElo "2410"]
[EventDate "1996.11.26"]
[PlyCount "88"]

1. d4 c5 2. d5 e5 3. c4 d6 4. Nc3 Ne7 5. e4 Ng6 6. Be3 Be7 7. Qd2 h6 8. g3 Bg5 9. h4 Bxe3 10. Qxe3 a6 11. h5 Nf8 12. f4 Nfd7 13. Nf3 Qe7 14. Bh3 O-O 15. Bf5 b5 16. cxb5 exf4 17. gxf4 axb5 18. Bxd7 Nxd7 19. Nxb5 Nb6 20. Kf2 Ba6 21. Na3 Qb7 22. Qd2 Rab8 23. Rhg1 Nd7 24. b3 Nf6 25. Rae1 Qb4 26. Qb2 Nxh5 27. Nc2 Qb6 28. Ne3 g6 29. Rg4 Qd8 30. Rh1 Nf6 31. Rxh6 Nxe4+ 32. Kg1 Qf6 33. Qc2 Rfe8 34. f5 Qa1+ 35. Nd1 Nc3 36. Qxc3 Qxd1+ 37. Kh2 Re2+ 38. Kg3 Re5 39. Nxe5 Qg1+ 40. Kf4 dxe5+ 41. Qxe5 Rb4+ 42. Kg5 Qxg4+ 43. Kf6 Rb6+ 44. Ke7 Qg5+ 0-1

[Event "GER-ch 68th"]
[Site "Dudweiler"]
[Date "1996.??.??"]
[Round "1"]
[White "Dietz, Holger"]
[Black "Mainka, Romuald"]
[Result "0-1"]
[WhiteElo "2285"]
[BlackElo "2455"]
[EventDate "1996.11.26"]
[PlyCount "112"]

1. d4 f5 2. g3 Nf6 3. Bg2 g6 4. c3 Bg7 5. Qb3 Na6 6. Nd2 c5 7. Ngf3 cxd4 8. cxd4 Nc7 9. Ne5 e6 10. O-O O-O 11. Ndc4 d6 12. Nd3 Nfd5 13. e3 b6 14. Bd2 Qe7 15. Rac1 Ba6 16. Nb4 Bb7 17. Rc2 Rad8 18. Rfc1 Nxb4 19. Bxb4 Bxg2 20. Kxg2 Nd5 21. Kg1 g5 22. Ba3 g4 23. Ne5 Qe8 24. Nc6 Rd7 25. Nb4 Nf6 26. Rc8 Qf7 27. Nd3 Ne4 28. Nf4 Ng5 29. d5 exd5 30. Qxd5 Be5 31. Qxf7+ Kxf7 32. Nd5 h5 33. b3 h4 34. Rxf8+ Kxf8 35. Nf4 Bxf4 36. gxf4 Ne4 37. Rc8+ Kf7 38. Bb4 h3 39. Kf1 Ke6 40. Ke2 Rf7 41. Ba3 Kd7 42. Rc1 Rf8 43. f3 gxf3+ 44. Kxf3 Rg8 45. Rc2 Rg1 46. Bb2 Rf1+ 47. Ke2 Rf2+ 48. Kd3 Rg2 49. Bd4 Nf2+ 50. Kc4 Ng4 51. Rxg2 hxg2 52. e4 fxe4 53. Bg1 d5+ 54. Kd4 Ke6 55. h3 Nf6 56. Ke3 Nh5 0-1

[Event "GER-ch 68th"]
[Site "Dudweiler"]
[Date "1996.??.??"]
[Round "1"]
[White "Enigk, Frank"]
[Black "Bastian, Herbert"]
[Result "0-1"]
[WhiteElo "2145"]
[BlackElo "2365"]
[EventDate "1996.11.26"]
[PlyCount "140"]

1. d4 Nf6 2. c4 g6 3. Nc3 Bg7 4. e4 d6 5. Be2 c6 6. Nf3 O-O 7. O-O Nbd7 8. Qc2 a6 9. Rd1 Qc7 10. Bg5 h6 11. Bh4 e5 12. dxe5 dxe5 13. Rac1 a5 14. a3 a4 15. Nxa4 Nxe4 16. Qxe4 Rxa4 17. Qc2 Ra8 18. Be7 Re8 19. Bd6 Qa5 20. c5 Qa4 21. b3 Qxa3 22. Bc4 Nf8 23. Re1 b5 24. Bd3 Nd7 25. Rcd1 Qa2 26. Qc3 Qa5 27. Qc2 Qa2 28. Qc3 Qa5 29. Qc2 Kh7 30. h4 Qa2 31. Qc3 Qa5 32. Qc2 Qa2 33. Qc3 e4 34. Nd4 Bxd4 35. Qxd4 Qxb3 36. Bb1 Ra4 37. Qd2 Qe6 38. Bc2 Ra2 39. Qc3 Qf6 40. Qxf6 Nxf6 41. Bb3 Ra7 42. Bf4 Be6 43. Rd6 Bxb3 44. Rxf6 Bd5 45. Rd6 b4 46. Be3 b3 47. Bd4 Rb7 48. Rb1 Ra8 49. Rb2 Rb4 50. Bf6 Rc4 51. Kh2 Rxc5 52. Kg3 Re8 53. Rd7 Rb5 54. Rc7 Reb8 55. Kh2 R5b7 56. Rxb7 Rxb7 57. Kg3 Rb8 58. Kf4 Re8 59. Ke3 Re6 60. Bd4 f5 61. Rb1 g5 62. hxg5 hxg5 63. g3 Rh6 64. Rg1 Kg6 65. Be5 Rh7 66. Ra1 Rb7 67. Bd4 Kh5 68. Rb1 Kg4 69. Rb2 Rb5 70. Rb1 Bc4 0-1

[Event "GER-ch 68th"]
[Site "Dudweiler"]
[Date "1996.??.??"]
[Round "1"]
[White "Gisbrecht, Ewgeni"]
[Black "Loehn, Carsten"]
[Result "1-0"]
[WhiteElo "2370"]
[BlackElo "2195"]
[EventDate "1996.11.26"]
[PlyCount "67"]

1. Nf3 d6 2. d4 Nf6 3. g3 g6 4. Bg2 Bg7 5. O-O O-O 6. c4 Nc6 7. d5 Na5 8. Nfd2 c5 9. Nc3 a6 10. Qc2 Rb8 11. b3 b5 12. cxb5 axb5 13. Bb2 e5 14. e4 Nh5 15. Bf3 Bh3 16. Rfe1 Bh6 17. Bc1 Ng7 18. a3 f5 19. b4 cxb4 20. axb4 Bxd2 21. Bxd2 Nc4 22. Bh6 Qb6 23. Ra2 Rfc8 24. Qc1 Ra8 25. Rxa8 Rxa8 26. Qg5 fxe4 27. Nxe4 Nf5 28. g4 Nd4 29. Qe7 Nxf3+ 30. Kh1 Bg2+ 31. Kxg2 Nxe1+ 32. Kh1 Qa7 33. Nf6+ Kh8 34. Bg7# 1-0

[Event "GER-ch 68th"]
[Site "Dudweiler"]
[Date "1996.??.??"]
[Round "1"]
[White "Gross, Georg"]
[Black "Lutz, Christopher"]
[Result "1/2-1/2"]
[WhiteElo "2355"]
[BlackElo "2565"]
[EventDate "1996.11.26"]
[PlyCount "93"]

1. d4 f5 2. g3 Nf6 3. Bg2 g6 4. Nh3 Bg7 5. O-O O-O 6. c4 d6 7. d5 Na6 8. Nf4 Nc5 9. h4 e5 10. dxe6 c6 11. Nc3 Qe7 12. b4 Nxe6 13. Rb1 Ng4 14. Na4 Ne5 15. b5 Bd7 16. bxc6 bxc6 17. Rb7 Rfb8 18. Qb3 Rxb7 19. Qxb7 Qd8 20. Rd1 Rb8 21. Qa6 Nc7 22. Qxa7 Ra8 23. Qb6 Rxa4 24. Qb3 Ra8 25. Rxd6 Rb8 26. Qc2 Qe7 27. Ba3 Qf7 28. Rd1 Be8 29. Bd6 Rd8 30. c5 Nb5 31. a4 Nxd6 32. cxd6 Nc4 33. Nd5 Nxd6 34. Nb4 Nb7 35. Nxc6 Rxd1+ 36. Qxd1 Kh8 37. a5 Nc5 38. Qd6 Ne4 39. Bxe4 fxe4 40. a6 Bxc6 41. Qxc6 Bd4 42. e3 Ba7 43. Qxe4 Qc7 44. Kg2 Qc5 45. Qb7 h5 46. Kh2 Kg8 47. Kg2 1/2-1/2

[Event "GER-ch 68th"]
[Site "Dudweiler"]
[Date "1996.??.??"]
[Round "1"]
[White "Heidrich, Manfred"]
[Black "Bischoff, Klaus"]
[Result "1/2-1/2"]
[WhiteElo "2340"]
[BlackElo "2530"]
[EventDate "1996.11.26"]
[PlyCount "34"]

1. e4 c5 2. Nf3 e6 3. c3 Nf6 4. e5 Nd5 5. d4 cxd4 6. cxd4 d6 7. Nc3 Nxc3 8. bxc3 Qc7 9. Bd2 Nd7 10. Bb5 a6 11. exd6 Bxd6 12. Bd3 b6 13. O-O Bb7 14. Re1 O-O 15. h3 Bf4 16. Bxf4 Qxf4 17. Ne5 Nxe5 1/2-1/2

[Event "GER-ch 68th"]
[Site "Dudweiler"]
[Date "1996.??.??"]
[Round "1"]
[White "Kindermann, Stefan"]
[Black "Miltner, Arndt"]
[Result "1/2-1/2"]
[WhiteElo "2530"]
[BlackElo "2330"]
[EventDate "1996.11.26"]
[PlyCount "57"]

1. e4 d6 2. d4 Nf6 3. Nc3 Nbd7 4. Nf3 e5 5. Bc4 Be7 6. O-O O-O 7. a4 c6 8. Qe2 exd4 9. Nxd4 Ne5 10. Ba2 c5 11. Nf5 Bxf5 12. exf5 Qd7 13. f4 Nc6 14. g4 Nd4 15. Qg2 Rfe8 16. Be3 Bd8 17. Bxd4 cxd4 18. Nd5 Nxd5 19. Bxd5 Rb8 20. Be4 Ba5 21. g5 Bd2 22. f6 Be3+ 23. Kh1 g6 24. Bd3 a6 25. h4 Qc6 26. Rf3 Bd2 27. Raf1 Re3 28. h5 Rbe8 29. hxg6 1/2-1/2

[Event "GER-ch 68th"]
[Site "Dudweiler"]
[Date "1996.??.??"]
[Round "1"]
[White "Kirschbaum, Gunnar"]
[Black "Siebrecht, Sebastian"]
[Result "0-1"]
[WhiteElo "2195"]
[BlackElo "2390"]
[EventDate "1996.11.26"]
[PlyCount "108"]

1. d4 g6 2. c4 Bg7 3. Nc3 d6 4. e4 Nc6 5. Be3 e5 6. d5 Nd4 7. Nge2 Bg4 8. Qd2 Bxe2 9. Nxe2 c5 10. dxc6 Nxc6 11. O-O-O Nf6 12. f3 O-O 13. g4 Ne8 14. h4 Nc7 15. Bh6 Ne6 16. Kb1 Ncd4 17. Nxd4 Nxd4 18. Bxg7 Kxg7 19. f4 h6 20. g5 h5 21. Bd3 a6 22. f5 b5 23. Rdf1 Rc8 24. cxb5 axb5 25. Rh2 Qd7 26. Rhf2 Ra8 27. fxg6 fxg6 28. Rf6 Rxa2 29. Rxf8 Ra1+ 30. Kxa1 Nb3+ 31. Ka2 Nxd2 32. R1f7+ Qxf7+ 33. Rxf7+ Kxf7 34. Bxb5 Nxe4 35. Bc4+ Kg7 36. Bd5 Ng3 37. b4 Kf8 38. b5 Ke7 39. b6 Kd7 40. Bf7 e4 41. Kb2 Kc6 42. Kc3 Kxb6 43. Kc4 Nf5 44. Bxg6 d5+ 45. Kc3 Nxh4 46. Bxh5 Kc5 47. g6 Nf5 48. Bg4 Ng7 49. Bc8 d4+ 50. Kd2 Kd5 51. Bh3 Ke5 52. Bc8 Ne6 53. Bb7 e3+ 54. Ke1 Kf6 0-1

[Event "GER-ch 68th"]
[Site "Dudweiler"]
[Date "1996.??.??"]
[Round "1"]
[White "Movsziszian, Karen"]
[Black "Wesseln, Kai"]
[Result "1-0"]
[WhiteElo "2470"]
[BlackElo "2320"]
[EventDate "1996.11.26"]
[PlyCount "63"]

1. b3 Nf6 2. Bb2 g6 3. f4 Bg7 4. Nf3 O-O 5. e3 d6 6. d4 c5 7. Be2 b6 8. O-O Bb7 9. c4 e6 10. Nc3 Qe7 11. Qe1 Nc6 12. Rd1 Rfd8 13. h3 Rac8 14. g4 cxd4 15. exd4 d5 16. f5 exf5 17. gxf5 Qe3+ 18. Rf2 Qf4 19. fxg6 hxg6 20. Qf1 Ne7 21. Bc1 Qg3+ 22. Rg2 Qxh3 23. Bg5 Nf5 24. Bxf6 Ng3 25. Qe1 Nxe2+ 26. Nxe2 Bxf6 27. Qf1 Bg7 28. Nf4 Qh6 29. Ng5 dxc4 30. Nxf7 Qh4 31. Nxd8 Rxd8 32. Qxc4+ 1-0

[Event "GER-ch 68th"]
[Site "Dudweiler"]
[Date "1996.??.??"]
[Round "1"]
[White "Mueller, Karsten"]
[Black "Glienke, Manfred"]
[Result "1-0"]
[WhiteElo "2490"]
[BlackElo "2325"]
[EventDate "1996.11.26"]
[PlyCount "113"]

1. e4 c5 2. Nf3 Nc6 3. d4 cxd4 4. Nxd4 Nf6 5. Nc3 e5 6. Ndb5 h6 7. Nd6+ Bxd6 8. Qxd6 Qe7 9. Qxe7+ Kxe7 10. b3 d6 11. Ba3 Be6 12. O-O-O Rhd8 13. f3 a6 14. Nd5+ Bxd5 15. exd5 Nd4 16. c4 b5 17. Bd3 Rdc8 18. Rhe1 bxc4 19. bxc4 Nb5 20. Bb2 Nd7 21. Kd2 Nc7 22. Ba3 Ne8 23. Rb1 Ra7 24. Rb2 Nc5 25. Bf5 Rcc7 26. f4 f6 27. Bg6 Nd7 28. Kc3 Ra8 29. Bf5 Rac8 30. Re4 g5 31. g3 Ng7 32. fxe5 fxe5 33. Bxd7 Kxd7 34. Rb6 Ne8 35. Rxa6 Rb8 36. Bb4 Rcb7 37. a3 Rc8 38. Kd3 Rbc7 39. h4 gxh4 40. Rxh4 Ke7 41. Rb6 Kf7 42. a4 Nf6 43. Bxd6 e4+ 44. Rxe4 Nxe4 45. Bxc7 Nc5+ 46. Kd4 Rxc7 47. Rxh6 Nd7 48. Rh7+ Kg6 49. Re7 Kf6 50. Re6+ Kf7 51. a5 Ra7 52. a6 Nb8 53. Rh6 Kg7 54. Rb6 Nxa6 55. d6 Ra8 56. d7 Nc7 57. Rc6 1-0

[Event "GER-ch 68th"]
[Site "Dudweiler"]
[Date "1996.??.??"]
[Round "1"]
[White "Pirrot, Dieter"]
[Black "Haist, Wolfgang"]
[Result "1-0"]
[WhiteElo "2415"]
[BlackElo "2260"]
[EventDate "1996.11.26"]
[PlyCount "21"]

1. e4 c5 2. c3 e5 3. Nf3 Nc6 4. Bc4 Qc7 5. O-O Be7 6. d4 d6 7. dxc5 dxc5 8. Ng5 Nh6 9. f4 O-O 10. f5 Kh8 11. Qh5 1-0

[Event "GER-ch 68th"]
[Site "Dudweiler"]
[Date "1996.??.??"]
[Round "1"]
[White "Schmaltz, Roland"]
[Black "Homuth, Manfred"]
[Result "1-0"]
[WhiteElo "2440"]
[BlackElo "2275"]
[EventDate "1996.11.26"]
[PlyCount "113"]

1. e4 c5 2. Nf3 d6 3. d4 cxd4 4. Nxd4 Nf6 5. Nc3 Nc6 6. Be2 g6 7. O-O Bg7 8. Nb3 O-O 9. Re1 a6 10. Bf1 Be6 11. Nd5 Rc8 12. Bg5 Bxd5 13. exd5 Ne5 14. c3 Nc4 15. Nd2 Nxd2 16. Qxd2 Re8 17. c4 Nd7 18. Re4 Bf6 19. h4 Qb6 20. Rb1 a5 21. b3 Qb4 22. Qe2 Nc5 23. a3 Qb6 24. Re3 Bxg5 25. hxg5 e5 26. dxe6 Rxe6 27. b4 axb4 28. axb4 Rce8 29. Rxe6 Rxe6 30. Qb2 Ne4 31. Ra1 Re8 32. Ra5 Qd8 33. Rb5 Nxg5 34. Qc1 h6 35. Rxb7 Qc8 36. Ra7 Qg4 37. Ra3 Kh7 38. Qd2 Ra8 39. Be2 Qe4 40. Rxa8 Qxa8 41. Qxd6 Qa1+ 42. Qd1 Qe5 43. Bf1 Kg7 44. c5 Qc3 45. Qg4 Qe1 46. Qd4+ Kg8 47. c6 Ne6 48. Qc4 Qe5 49. b5 Qc7 50. Qe4 Qd8 51. Qe3 Qd5 52. Qxh6 g5 53. Qh3 Qd6 54. Qc3 Nc5 55. g3 Kf8 56. Qe3 g4 57. Be2 1-0

[Event "GER-ch 68th"]
[Site "Dudweiler"]
[Date "1996.??.??"]
[Round "1"]
[White "Schmitzer, Klaus"]
[Black "Rabiega, Robert"]
[Result "1/2-1/2"]
[WhiteElo "2325"]
[BlackElo "2475"]
[EventDate "1996.11.26"]
[PlyCount "159"]

1. e4 c5 2. Nf3 Nc6 3. Nc3 e5 4. Bc4 Be7 5. d3 d6 6. h3 Nf6 7. O-O O-O 8. a4 h6 9. Nh2 Be6 10. Re1 a6 11. Nf1 Nd4 12. Ne3 Kh8 13. Bd2 Nd7 14. a5 Bg5 15. Bd5 Rb8 16. Nc4 Bxd2 17. Qxd2 Nf6 18. Qd1 Bxd5 19. exd5 Ne8 20. Rf1 f5 21. f4 exf4 22. Rxf4 Nc7 23. Kh1 Qe7 24. Qd2 Rbe8 25. Rff1 Rd8 26. Rae1 Qf7 27. Nb6 Rfe8 28. Rxe8+ Rxe8 29. Nc4 Qe7 30. Qf4 Rd8 31. Qf2 Kh7 32. Re1 Qf7 33. Nb6 Re8 34. Rxe8 Qxe8 35. Nc4 Qe7 36. Kh2 g5 37. Qe3 Qxe3 38. Nxe3 Kg6 39. Na4 Kf6 40. c3 Ne2 41. Nc4 Ne8 42. Nab6 Nf4 43. d4 cxd4 44. cxd4 Ne2 45. Nc8 Nxd4 46. g3 f4 47. g4 h5 48. Kg2 hxg4 49. hxg4 Nc7 50. N8xd6 Nxd5 51. Kf2 Nb4 52. Ne4+ Ke6 53. Nxg5+ Kd5 54. Nb6+ Kc6 55. Nh3 Nd3+ 56. Kg2 Kd6 57. Nc4+ Kd5 58. Nd2 Nc6 59. Kf3 Ke5 60. Ke2 Nc1+ 61. Kd1 Nd3 62. Ke2 Nxb2 63. Nf3+ Kf6 64. Nxf4 Nc4 65. Nd3 N6xa5 66. Nc5 Nd6 67. Kd3 Nc6 68. Kc3 a5 69. Nd7+ Ke6 70. Nb6 Ne5 71. Nd4+ Kf6 72. Kb3 Nc6 73. Nxc6 bxc6 74. Ka4 Nb7 75. Nc4 Kg5 76. Nxa5 Nxa5 77. Kxa5 Kxg4 78. Kb6 c5 79. Kb5 c4 80. Kxc4 1/2-1/2

[Event "GER-ch 68th"]
[Site "Dudweiler"]
[Date "1996.??.??"]
[Round "1"]
[White "Schulz, Karsten"]
[Black "Klein, J."]
[Result "1-0"]
[WhiteElo "2360"]
[BlackElo "2090"]
[EventDate "1996.11.26"]
[PlyCount "65"]

1. Nf3 g6 2. d4 Bg7 3. g3 c5 4. d5 Nf6 5. Bg2 d6 6. O-O b5 7. Re1 O-O 8. e4 Bb7 9. c4 bxc4 10. Nfd2 Nbd7 11. Nxc4 Ne5 12. Nxe5 dxe5 13. Na3 e6 14. dxe6 Qc8 15. exf7+ Rxf7 16. Qc2 Ba6 17. Be3 c4 18. Bf1 Rc7 19. Rac1 Ng4 20. Bxc4+ Bxc4 21. Nxc4 Nxe3 22. fxe3 Qe6 23. b3 Rf8 24. Rf1 Rfc8 25. Rcd1 Bh6 26. Qd3 Rxc4 27. bxc4 Qxc4 28. Qxc4+ Rxc4 29. Rd8+ Kg7 30. Rd7+ Kg8 31. Re1 Rxe4 32. Rxa7 Rxe3 33. Ra8+ 1-0

[Event "GER-ch 68th"]
[Site "Dudweiler"]
[Date "1996.??.??"]
[Round "1"]
[White "Schwing, Hans Elmar"]
[Black "Hetey, Laszlo"]
[Result "1-0"]
[WhiteElo "2245"]
[BlackElo "2410"]
[EventDate "1996.11.26"]
[PlyCount "181"]

1. d4 d5 2. c4 c6 3. Nf3 Nf6 4. e3 Bf5 5. Nc3 e6 6. Bd3 dxc4 7. Bxc4 Nbd7 8. O-O Be7 9. Qe2 O-O 10. e4 Bg4 11. Rd1 Qc7 12. Be3 Rad8 13. Rac1 Qa5 14. h3 Bh5 15. Bd2 Qc7 16. e5 Ne8 17. Ne4 Nb6 18. Ba5 Qd7 19. Ng3 Bg6 20. Bb3 Nc7 21. Bd2 Nb5 22. Be3 Nd5 23. Bg5 h6 24. Bxe7 Qxe7 25. Qc4 Rd7 26. Qc5 Qxc5 27. dxc5 Rfd8 28. Ne2 Nb4 29. Nf4 Bf5 30. a3 Na6 31. Rxd7 Rxd7 32. Bc4 Nac7 33. Kf1 Kf8 34. a4 g5 35. Ne2 Be4 36. axb5 cxb5 37. Bb3 Bxf3 38. gxf3 Rd2 39. Rc2 Rd3 40. Rc3 Rd2 41. Rc2 Rd3 42. c6 bxc6 43. Rxc6 Rxb3 44. Rxc7 a5 45. Nd4 Rxb2 46. Rc5 b4 47. Rxa5 Rd2 48. Nc6 b3 49. Rb5 b2 50. Kg2 Kg7 51. Na7 Rc2 52. Rb3 Kg6 53. Nb5 Rc5 54. Rxb2 Rxe5 55. Nc3 Ra5 56. Rb6 Ra3 57. Nd1 Ra1 58. Ne3 Ra5 59. Kg3 Rc5 60. f4 Kg7 61. Rb4 Ra5 62. Re4 Ra3 63. Re5 Kg6 64. Rc5 Ra4 65. f5+ exf5 66. Rxf5 Ra3 67. Rc5 Ra6 68. h4 f6 69. Kg4 Ra4+ 70. Rc4 f5+ 71. Kf3 Ra3 72. hxg5 hxg5 73. Ke2 f4 74. Ng4 Kh5 75. Nf6+ Kh4 76. Rc5 Ra2+ 77. Kf3 Ra3+ 78. Kg2 Ra6 79. Rf5 Re6 80. Kf3 Ra6 81. Ne4 Rg6 82. Rf8 Rh6 83. Rg8 Rh5 84. Rg7 Rh8 85. Rxg5 Ra8 86. Rg4+ Kh5 87. Rxf4 Kg6 88. Rf6+ Kg7 89. Kf4 Ra4 90. Rb6 Ra5 91. f3 1-0

[Event "GER-ch 68th"]
[Site "Dudweiler"]
[Date "1996.??.??"]
[Round "1"]
[White "Steinkohl, Thomas"]
[Black "Slobodjan, Roman"]
[Result "0-1"]
[WhiteElo "2330"]
[BlackElo "2520"]
[EventDate "1996.11.26"]
[PlyCount "56"]

1. e4 d6 2. d4 Nf6 3. Nc3 g6 4. g3 Nbd7 5. Bg2 e5 6. Nf3 Bg7 7. h3 O-O 8. O-O b6 9. Re1 Bb7 10. d5 Qe7 11. a4 a6 12. Nd2 Kh8 13. a5 b5 14. Na2 Ng8 15. Nb4 f5 16. Nf3 Nc5 17. exf5 gxf5 18. Bg5 Bf6 19. h4 Qg7 20. Ra3 h6 21. Bxf6 Nxf6 22. Nh2 Rg8 23. Bh3 Raf8 24. Nf1 f4 25. Kh2 Nfe4 26. Rf3 Nxf2 27. Qe2 Nxh3 28. Kxh3 e4 0-1

[Event "GER-ch 68th"]
[Site "Dudweiler"]
[Date "1996.??.??"]
[Round "1"]
[White "Wahls, Matthias"]
[Black "Hennings, Artur"]
[Result "1-0"]
[WhiteElo "2540"]
[BlackElo "2340"]
[EventDate "1996.11.26"]
[PlyCount "119"]

1. e4 e5 2. Nf3 Nc6 3. Bb5 a6 4. Ba4 Nf6 5. O-O Be7 6. Re1 b5 7. Bb3 d6 8. c3 O-O 9. h3 Na5 10. Bc2 c5 11. d4 Bb7 12. d5 Bc8 13. Nbd2 Bd7 14. b3 Qc7 15. Nf1 Ne8 16. a4 bxa4 17. bxa4 Nf6 18. Ne3 Rfb8 19. Ba3 Qc8 20. Nd2 Bd8 21. Nec4 Ne8 22. Bc1 g6 23. Ra3 Bc7 24. f4 exf4 25. Nxa5 Bxa5 26. Nc4 Bb4 27. Rb3 Bxa4 28. cxb4 Bxb3 29. Bxb3 cxb4 30. Bxf4 a5 31. Nb2 f6 32. Be3 Rb7 33. Bd4 Re7 34. Ba4 Rb8 35. Qd2 Qa6 36. Bc6 Rc8 37. Ba4 Qb7 38. Kh1 Qa6 39. Qf2 Rf7 40. Qg3 Ng7 41. Qb3 Nh5 42. Kh2 Nf4 43. Qf3 g5 44. Qg4 Rcf8 45. Qd1 Rc8 46. Qf3 Ng6 47. Qf5 Rcf8 48. Bd7 Nh4 49. Qe6 Kg7 50. e5 Ng6 51. exf6+ Rxf6 52. Be8 Ne5 53. Qe7+ Kh6 54. Bxe5 dxe5 55. Rxe5 Qf1 56. Re4 Qa1 57. Nd3 b3 58. Ne5 Qd1 59. Ng4+ Qxg4 60. hxg4 1-0

[Event "GER-ch 68th"]
[Site "Dudweiler"]
[Date "1996.??.??"]
[Round "1"]
[White "Walter, Guenter"]
[Black "Lagunow, Alexander"]
[Result "1/2-1/2"]
[WhiteElo "2275"]
[BlackElo "2425"]
[EventDate "1996.11.26"]
[PlyCount "62"]

1. d4 Nf6 2. Nf3 g6 3. c4 Bg7 4. Nc3 d5 5. cxd5 Nxd5 6. Qb3 Nb6 7. Bf4 Be6 8. Qc2 Nc6 9. e3 O-O 10. Be2 Nb4 11. Qb1 c5 12. dxc5 N6d5 13. Be5 Bxe5 14. Nxe5 Qc7 15. Nxd5 Bxd5 16. Nf3 Qxc5 17. O-O Rfc8 18. e4 Be6 19. Rc1 Qxc1+ 20. Qxc1 Rxc1+ 21. Rxc1 Nxa2 22. Rc7 Rc8 23. Rxb7 Rc1+ 24. Bf1 Rd1 25. Rc7 Nc1 26. Nd4 Nb3 27. Nxb3 Bxb3 28. g3 a5 29. Kg2 Rd2 30. Ra7 a4 31. Bb5 Rxb2 1/2-1/2

[Event "GER-ch 68th"]
[Site "Dudweiler"]
[Date "1996.??.??"]
[Round "1"]
[White "Zude, Arno"]
[Black "Klemm, Dietmar"]
[Result "1/2-1/2"]
[WhiteElo "2410"]
[BlackElo "2220"]
[EventDate "1996.11.26"]
[PlyCount "75"]

1. e4 c5 2. Nf3 Nc6 3. d4 cxd4 4. Nxd4 Nf6 5. Nc3 e5 6. Ndb5 d6 7. Bg5 a6 8. Na3 b5 9. Nd5 Be7 10. Bxf6 Bxf6 11. c3 Bb7 12. Nc2 Nb8 13. a4 bxa4 14. Rxa4 Nd7 15. Rb4 Rb8 16. Bc4 O-O 17. O-O Bg5 18. Qe2 Nc5 19. Rd1 Kh8 20. Ne1 a5 21. Rb5 Bc6 22. Rxb8 Qxb8 23. Nf3 Bh6 24. b4 Na4 25. Qc2 axb4 26. Nxb4 Be8 27. Na6 Qb2 28. Qd3 Qxc3 29. Qxd6 Kg8 30. Bd5 Nb2 31. Rf1 Nd3 32. Nc7 g6 33. g3 Ba4 34. Kg2 Bc2 35. Qe7 Qc5 36. Qxc5 Nxc5 37. Nxe5 Bxe4+ 38. Bxe4 1/2-1/2

[Event "GER-ch 68th"]
[Site "Dudweiler"]
[Date "1996.??.??"]
[Round "2"]
[White "Bastian, Herbert"]
[Black "Schmaltz, Roland"]
[Result "1-0"]
[WhiteElo "2365"]
[BlackElo "2440"]
[EventDate "1996.11.26"]
[PlyCount "73"]

1. e4 d6 2. d4 Nf6 3. Bd3 g6 4. Nf3 Bg7 5. O-O O-O 6. Re1 Nc6 7. c3 Nd7 8. Nbd2 e5 9. Nb3 a5 10. a4 exd4 11. Nbxd4 Nc5 12. Bc2 Ne5 13. h3 Bd7 14. Nh2 Re8 15. f4 Nc6 16. Nhf3 Re7 17. Nb3 Nxb3 18. Bxb3 Qf8 19. Bd2 Rae8 20. Qb1 Kh8 21. Qd3 Nb8 22. e5 Bf5 23. Qb5 dxe5 24. Nxe5 Rd8 25. Rad1 f6 26. Nf3 Bd3 27. Qxb7 Be2 28. Rxe2 Rxe2 29. Nd4 Qc5 30. Kh1 Re7 31. Ne6 Rxe6 32. Bxe6 h5 33. Qf3 Qb6 34. f5 Na6 35. Bc1 Rd6 36. Rxd6 Qxd6 37. Bf4 1-0

[Event "GER-ch 68th"]
[Site "Dudweiler"]
[Date "1996.??.??"]
[Round "2"]
[White "Bischoff, Klaus"]
[Black "Gross, Georg"]
[Result "1-0"]
[WhiteElo "2530"]
[BlackElo "2355"]
[EventDate "1996.11.26"]
[PlyCount "81"]

1. c4 f5 2. b3 d6 3. Bb2 e5 4. d4 e4 5. e3 Nf6 6. Nc3 g6 7. h4 Bg7 8. Nh3 Be6 9. Be2 Nbd7 10. Qd2 Bf7 11. O-O-O c6 12. d5 c5 13. Ng5 Nf8 14. g4 Qd7 15. h5 Rg8 16. Nxf7 Qxf7 17. hxg6 hxg6 18. Nb5 Qd7 19. Qa5 b6 20. Qa6 Nxg4 21. Bxg4 Bxb2+ 22. Kxb2 fxg4 23. Rdg1 Rg7 24. Rh4 Kf7 25. Rhxg4 Kg8 26. Rxe4 g5 27. Reg4 Qf5 28. f4 Nh7 29. Ka3 Qf6 30. fxg5 Qe5 31. g6 Nf8 32. Rf1 Re8 33. e4 Nxg6 34. Rfg1 Kh7 35. Nc7 Rxc7 36. Rxg6 Qc3 37. R6g3 Qb4+ 38. Kb2 Qd2+ 39. Kb1 Qh2 40. Qa3 Rf8 41. b4 1-0

[Event "GER-ch 68th"]
[Site "Dudweiler"]
[Date "1996.??.??"]
[Round "2"]
[White "Gisbrecht, Ewgeni"]
[Black "Movsziszian, Karen"]
[Result "0-1"]
[WhiteElo "2370"]
[BlackElo "2470"]
[EventDate "1996.11.26"]
[PlyCount "126"]

1. Nf3 Nf6 2. c4 g6 3. g3 Bg7 4. Bg2 O-O 5. O-O d6 6. d4 Nc6 7. d5 Na5 8. Nfd2 c5 9. Nc3 a6 10. Qc2 Rb8 11. b3 e5 12. dxe6 Bxe6 13. Bb2 Nc6 14. Nde4 Nd4 15. Qd2 b5 16. cxb5 axb5 17. e3 Nf5 18. Nxf6+ Qxf6 19. Rab1 Qe7 20. Nd5 Bxd5 21. Qxd5 b4 22. Rfd1 Rb6 23. Bxg7 Nxg7 24. Rd2 Ne6 25. Qe4 Qf6 26. Rbd1 Rd8 27. Qc2 Kf8 28. h4 Ke7 29. Bd5 h6 30. Kg2 Rg8 31. Qe4 g5 32. hxg5 hxg5 33. Rh1 Rbb8 34. Bc4 Rh8 35. Rdd1 Rhg8 36. Qc6 Rbd8 37. Qb7+ Rd7 38. Qe4 Qg6 39. Qc6 g4 40. Qd5 Ng5 41. Bd3 Qe6 42. Bf5 Qxd5+ 43. Rxd5 Ra7 44. Rhd1 Rd8 45. Ra1 Rda8 46. Rad1 Rxa2 47. Bb1 f6 48. Bxa2 Rxa2 49. R5d2 Ra6 50. Rh1 Ra3 51. Rb2 Ke6 52. Kf1 Ra1+ 53. Kg2 Rxh1 54. Kxh1 Ke5 55. Kg2 Ke4 56. Rd2 d5 57. Kf1 Nf3 58. Rd1 c4 59. Ke2 c3 60. Ra1 d4 61. Kd1 Kd3 62. Ra2 dxe3 63. fxe3 Nd2 0-1

[Event "GER-ch 68th"]
[Site "Dudweiler"]
[Date "1996.??.??"]
[Round "2"]
[White "Glienke, Manfred"]
[Black "Kirschbaum, Gunnar"]
[Result "0-1"]
[WhiteElo "2325"]
[BlackElo "2195"]
[EventDate "1996.11.26"]
[PlyCount "66"]

1. d4 c5 2. e3 Nf6 3. Nf3 d6 4. Be2 g6 5. O-O Nbd7 6. c4 Bg7 7. Nc3 O-O 8. b3 a6 9. Bb2 e6 10. Qc2 Qc7 11. Rad1 b6 12. Rd2 Bb7 13. Rfd1 Rfd8 14. h3 Rac8 15. Qb1 Qb8 16. Qa1 cxd4 17. Rxd4 Nc5 18. Rh4 e5 19. Nd5 Nxd5 20. cxd5 Qa8 21. Rb4 b5 22. e4 a5 23. Rxb5 Nxe4 24. Bc4 Qa7 25. Rf1 Rc5 26. Rxc5 Qxc5 27. Qc1 Bxd5 28. Bxd5 Qxd5 29. Rd1 Qa8 30. Qc7 Rc8 31. Qb6 Rc2 32. Bxe5 Bxe5 33. Nxe5 Nxf2 0-1

[Event "GER-ch 68th"]
[Site "Dudweiler"]
[Date "1996.??.??"]
[Round "2"]
[White "Hennings, Artur"]
[Black "Becking, Stephan"]
[Result "1/2-1/2"]
[WhiteElo "2340"]
[BlackElo "2200"]
[EventDate "1996.11.26"]
[PlyCount "83"]

1. e4 d5 2. exd5 Qxd5 3. Nc3 Qa5 4. Bc4 Nf6 5. Nge2 Bg4 6. f3 Bh5 7. d3 e6 8. O-O c6 9. Ng3 Bg6 10. Qe2 Nbd7 11. Bd2 Qc7 12. f4 O-O-O 13. Nce4 h5 14. Ng5 h4 15. N3e4 Nc5 16. Nxc5 Bxc5+ 17. Be3 Qb6 18. Bxc5 Qxc5+ 19. Qf2 Qxf2+ 20. Rxf2 Nd5 21. Re1 a5 22. a3 Kd7 23. Bxd5 cxd5 24. Nf3 Ke7 25. Nd4 Kf6 26. Re5 Rd6 27. Rf1 Rb6 28. b3 Rc8 29. Re3 Rc3 30. Ra1 Bf5 31. Kf2 g5 32. g3 hxg3+ 33. hxg3 gxf4 34. gxf4 Ra6 35. Ke2 Ra8 36. Kd2 Rac8 37. Kc1 Rg8 38. Kb2 Rcc8 39. Re5 Rg2 40. Re2 Rcg8 41. Rae1 R8g4 42. Rxg2 1/2-1/2

[Event "GER-ch 68th"]
[Site "Dudweiler"]
[Date "1996.??.??"]
[Round "2"]
[White "Hetey, Laszlo"]
[Black "Haist, Wolfgang"]
[Result "1-0"]
[WhiteElo "2410"]
[BlackElo "2260"]
[EventDate "1996.11.26"]
[PlyCount "77"]

1. d4 Nf6 2. c4 g6 3. Nc3 Bg7 4. e4 O-O 5. Nf3 d6 6. Be2 e5 7. d5 a5 8. Bg5 h6 9. Bh4 Qe8 10. Nd2 Na6 11. O-O Bd7 12. a3 b6 13. Rb1 a4 14. Nb5 Bxb5 15. cxb5 Nc5 16. Qc2 Nh5 17. Rfe1 f5 18. f3 Kh8 19. Bf2 Nf4 20. Bf1 Qf7 21. Bxc5 dxc5 22. Rbd1 fxe4 23. fxe4 Qd7 24. Nb1 Qg4 25. Re3 Nh5 26. Nc3 Bf6 27. Be2 Qg5 28. Rf3 c4 29. Bxc4 Be7 30. Rdf1 Bc5+ 31. Kh1 Rf4 32. g3 Rxf3 33. Rxf3 Kg7 34. Nxa4 Bd4 35. d6 cxd6 36. Bd5 Rd8 37. Qc7+ Kh8 38. Nxb6 Bxb6 39. Qxb6 1-0